| 000 | 00939nam a2200229 i 4500 | ||
|---|---|---|---|
| 001 | 88963 | ||
| 003 | ES-MaACL | ||
| 005 | 20240219223521.0 | ||
| 007 | t| | ||
| 008 | 050120s2000 sp ||||1| spa d | ||
| 080 | _a014.5 Cervantes Saavedra, Miguel de | ||
| 080 | _a398.9(460) | ||
| 245 | 0 | 0 |
_aRefranes, sentencias y pensamientos recogidos en la inmortal obra de Cervantes Don Quijote de la Mancha / _cselección de textos e introducción por Francisco Calero. |
| 260 |
_aMadrid : _bGuillermo Blázquez, _c2000. |
||
| 300 |
_aXXXIX, 169 p. : _bil. ; _c35 cm. |
||
| 600 | 1 | 4 |
_aCervantes Saavedra, Miguel de, _d1547-1616. _tDon Quijote de la Mancha- _vÍndices _937620 |
| 650 | 4 |
_aRefranes y proverbios- _zEspaña. _916726 |
|
| 700 | 1 |
_aCervantes Saavedra, Miguel de, _d1547-1616. _tDon Quijote de la Mancha _937612 |
|
| 700 | 1 |
_aCalero, Francisco. _933652 |
|
| 852 |
_aES-MaACL _jL-28576 _bR.135073 |
||
| 999 |
_c88963 _d88963 |
||